Joueurs Aston Villa (2023-2024) - Statistiques

Statistiques générales
  • Ce quiz a été pris 22 fois
  • Le résultat moyen est 15 sur 29
Statistiques - réponses
Réponse % Correct
1 E.Martinez
100%
19 M.Diaby
95%
11 O.Watkins
95%
12 L.Digne
89%
44 B.Kamara
79%
7 J.McGinn
79%
14 P.Torres
79%
6 D.Luiz
68%
4 E.Konsa
68%
2 M.Cash
68%
5 T.Mings
68%
3 D.Carlos
63%
41 J.Ramsey
58%
31 L.Bailey
58%
15 A.Moreno
53%
24 J.Duran
53%
25 R.Olsen
53%
8 Y.Tielemans
53%
27 M.Rogers
47%
22 N.Zaniolo
32%
17 C.Lenglet
16%
30 K.Hause
16%
32 L.Dendoncker
16%
16 C.Chambers
11%
10 E.Buendia
11%
18 J.Gauci
11%
29 K.Kesler Hayden
11%
71 O.Kellyman
11%
47 T.Iroegbunam
11%
Aucun quiz correspondant
Distribution des résultats
% des personnes avec chaque résultat
Percentile par nombre de réponses
Votre historique - résultats
Vous n’avez pas pris ce quiz